00992nam a22002657a 45000010005000000030006000050050017000110080041000280200018000690400029000870500020001160820012001361000022001482450157001702500046003272600039003733000065004125050008004775200088004855210023005735210020005966500048006167000031006647000031006959730FISKH20260130135850.0260130b cb ||||| |||| 00| 0 eng d a9780439716932 aFISKHbengcFISKHdFISKH aGV865 .G53 .M45 a796.357 aMellage , Nanette aComing home :bA story of Josh Gibson , baseball's greatest home run hitter / cBy Nanette Mellage : Illustrated by Cornelius Van Wright and Ying-Hwa Hu aFirst Scholastic printing , February 2005 aNew York : bScholastic , c2001 . a32 unnumbered pages : bcolor illustrations ;c21 X 25 cm .  aU  aBiography of Josh Gibson, member of Negro League baseball team the Homestead Grays.8 a840 bLexile AD 8 aU bRaz-Plus  aGibson-Josh- 1911-1947vJuvenile literature aWright , VaneIllustrator  aHu ,Ying-HwaeIllustrator